000 00521nam a2200181Ia 4500
005 20250603144935.0
008 250603s9999 xx 000 0 und d
020 _a9782378430085
050 _aHQ 784 .T4/
100 _aOnwubere, Chidinma H.
245 0 _aExposure of Nigerian children to television and video violence and their perception of social relations
260 _aAbuja, Nigeria
260 _bNOUN press limited, Nigeria
260 _c2019
300 _a172 p
650 _aAbuja, Nigeria
942 _cBK
999 _c40403
_d40403